| 000 | 00970nam a2200253Ia 4500 | ||
|---|---|---|---|
| 003 | Ost | ||
| 005 | 20260507075209.0 | ||
| 008 | 260507s9999||||xx |||||||||||||| ||und|| | ||
| 020 | _a6804029957 | ||
| 040 | _cfsecg | ||
| 041 | _aara | ||
| 082 | _a330 | ||
| 100 |
_aالعصار، رشاد _eمؤلف |
||
| 245 | 0 |
_aالنقود و البنوك / _c رشاد العصار |
|
| 260 |
_aعمان: _bدار صفاء, _c2009 |
||
| 300 |
_a172 صفحة؛ _c24 سم |
||
| 504 | _aمراجع ص.172 | ||
| 520 | _aدراسة النقود و النظم النقدية و الاصدار النقدي ، سوق النقود مع التطرق الى انشأة و تطورا لمصارف التجارية ، ، السياسات النقدية ، التضخم و انواعه و آثاره. | ||
| 653 | _aالبنوك | ||
| 653 | _aالسياسة النقدية | ||
| 653 | _aالنقود | ||
| 700 |
_aالحلبي، رياض _eمؤلف ثانوي |
||
| 942 | _cكتاب | ||
| 999 |
_c43456 _d43456 |
||